|
|
|
|
| LEADER |
01000nam a2200253 a 4500 |
| 001 |
3276436 |
| 008 |
100601s2003 enka b 001 0 eng d |
| 010 |
|
|
|a 2002030373
|
| 020 |
|
|
|a 0335205062
|
| 020 |
|
|
|a 0335205054 (pbk.)
|
| 040 |
|
|
|a DLC
|c DLC
|d UKM
|d C#P
|d AZS
|d BD-DhAAL
|
| 082 |
0 |
0 |
|a 301.16
|2 22
|
| 100 |
1 |
|
|a Carter, Cynthia,
|d 1959-
|
| 245 |
0 |
0 |
|a Violence and the media /
|c Cynthia Carter and C. Kay Weaver.
|
| 260 |
|
|
|a Buckingham, England ;
|a Philadelphia, PA :
|b Open University Press,
|c 2003.
|
| 300 |
|
|
|a xiii, 206 p. :
|b ill. ;
|c 23 cm.
|
| 490 |
0 |
|
|a Issues in cultural and media studies
|
| 504 |
|
|
|a Includes bibliographical references (p. [173]-195) and index.
|
| 541 |
1 |
|
|e 00020177
|
| 650 |
|
0 |
|a Violence in mass media.
|
| 700 |
1 |
|
|a Weaver, C. Kay,
|d 1964-
|
| 852 |
4 |
|
|a Ayesha Abed Library
|j General Shelf
|
| 999 |
|
|
|c 8768
|d 8768
|
| 952 |
|
|
|0 0
|1 0
|2 ddc
|4 0
|6 301_160000000000000_CAR_2003
|7 0
|9 10623
|a BRACUL
|b BRACUL
|c GEN
|d 2010-06-02
|l 0
|o 301.16 CAR
|p 3010020177
|r 2010-06-02
|t 1
|w 2010-06-02
|y BK
|